000 00726 a2200181 4500
003 Nust
005 20170207153207.0
040 _cNust
082 _a005.1
100 _aAhmad, Syed Zubair ( MSCS-8)
245 _aAn optimized handoff procedure for quality of service (QoS) -aware mobility management in mobile IP
_cSyed Zubair Ahmad
260 _bMCS, NUST
_cSep, 2004
_aRawalpindi
300 _ax,93, p.;
505 _aIntroduction (page-1) Research methodologies (page-8) Mobile IP (page-11) Wireless communications (page-22) Analysis of mobile IP handoff procedure (page-44) Analyticaland simulation modeling (page-68) Conclusions (page-79)
538 _aAlmirah No 73 Shelf No 1
650 _aPG Thesis
651 _aMSCS-8
942 _cTHS
999 _c181232
_d181232